Normal view
MARC view
Entry Personal Name
001 - CONTROL NUMBER
- control field: 32235
003 - CONTROL NUMBER IDENTIFIER
- control field: ARRUPE
005 - DATE AND TIME OF LATEST TRANSACTION
- control field: 20170607121732.0
008 - FIXED-LENGTH DATA ELEMENTS
- fixed length control field: 170607|| aca||aabn | a|a d
040 ## - CATALOGING SOURCE
- Original cataloging agency: ARRUPE
- Transcribing agency: ARRUPE
100 ## - HEADING--PERSONAL NAME
- Personal name: Nkrumah, Kwame,
- Dates associated with a name: 1909-1972.
670 ## - SOURCE DATA FOUND
- Source citation: Work cat.: (ARRUPE)7397: The Life and work of Kwame Nkrumah :, 1991.